LEADER 01167nam2-2200397---450- 001 990003366720203316 005 20100205084611.0 010 $a978-1-60761-368-8 035 $a000336672 035 $aUSA01000336672 035 $a(ALEPH)000336672USA01 035 $a000336672 100 $a20100201d2010----km-y0itay50------ba 101 $aeng 102 $aUS 105 $a||||||||001yy 200 1 $aHuman Embryonic Stem Cell Protocols$fedited by Kursad Turksen 205 $a2. ed. 210 $aTotowa$cHumana Press$d2010 215 $aXII, 455 p.$d27 cm 225 2 $aMethods in molecular biology$v584 410 0$1001000336582$aMethods in molecular biology$v, 584$12001 454 0$12001 461 1$1001-------$12001 606 0 $aCellule staminali$2BNCF 676 $a571.835 702 1$aTURKSEN,$bKursad 801 0$aIT$bsalbc$gISBD 912 $a990003366720203316 951 $a571.835 HUM$b5281 Farm.$c571.835$d00255324 959 $aBK 969 $aFAR 979 $aFIORELLA$b90$c20100201$lUSA01$h1421 979 $aFIORELLA$b90$c20100205$lUSA01$h0846 996 $aHuman Embryonic Stem Cell Protocols$91123632 997 $aUNISA LEADER 04266oam 2200685I 450 001 9910969142603321 005 20251117094806.0 010 $a1-136-66793-8 010 $a1-283-36370-4 010 $a9786613363701 010 $a0-203-80833-9 010 $a1-136-66794-6 024 7 $a10.4324/9780203808337 035 $a(CKB)2550000000074468 035 $a(EBL)735287 035 $a(OCoLC)778618297 035 $a(SSID)ssj0000554890 035 $a(PQKBManifestationID)12196809 035 $a(PQKBTitleCode)TC0000554890 035 $a(PQKBWorkID)10517730 035 $a(PQKB)10795734 035 $a(MiAaPQ)EBC735287 035 $a(Au-PeEL)EBL735287 035 $a(CaPaEBR)ebr10519622 035 $a(CaONFJC)MIL336370 035 $a(OCoLC)778448086 035 $a(EXLCZ)992550000000074468 100 $a20180706d2012 uy 0 101 0 $aeng 135 $aur|n|---||||| 181 $ctxt 182 $cc 183 $acr 200 00$aHuman rights monitoring mechanisms of the Council of Europe /$fedited by Gauthier de Beco 205 $a1st ed. 210 1$aMilton Park, Abingdon, Oxon ;$aNew York, N.Y. :$cRoutledge,$d2012. 215 $a1 online resource (265 p.) 225 1 $aRoutledge research in human rights law 300 $aDescription based upon print version of record. 311 08$a0-415-85949-2 311 08$a0-415-58162-1 320 $aIncludes bibliographical references and index. 327 $aThe Commissioner for Human Rights / Lauri Sivonen -- The European Committee for the Prevention of Torture and Inhuman or Degrading Treatment or Punishment (the CPT) / Renate Kicker -- The European Committee of Social Rights (the ECSR) / Olivier De Schutter and Matthias Sant'Ana -- The Advisory Committee on the Framework Convention for the Protection of National Minorities (the ACFC) / Gauthier de Beco and Emma Lantschner -- The European Commission against Racism and Intolerance (ECRI) / Lanna Yael Hollo -- The Committee of Experts of the European Charter for Regional or Minority Languages (the CECL) / Robert Dunbar. 330 $a"The book studies the human rights monitoring mechanisms of the Council of Europe. It provides an in-depth examination of six such mechanisms: the Commissioner for Human Rights, the European Committee for the Prevention of Torture and Inhuman or Degrading Treatment or Punishment (the CPT), the European Committee of Social Rights (the ECSR), the Advisory Committee on the Framework Convention for the Protection of National Minorities (the ACFC), the European Commission against Racism and Intolerance (ECRI) and the Committee of Experts of the European Charter for Regional or Minority Languages (the CECL). The human rights monitoring mechanisms of the Council of Europe seek to establish a permanent dialogue with governments to encourage them to better implement human rights treaties. They function principally through the use of national reports, on which basis they make recommendations, and may also visit or question states directly. The book looks at each mechanism in turn, discussing their composition, functions and working methods, as well as their relationship with other actors. It includes both a general discussion of the role of European human rights monitoring mechanisms as well as a comparative analysis of these mechanisms. The book aims to provide a clear understanding of the underlying approach of European human rights monitoring mechanisms and the challenges faced by them in terms of effectiveness. It will be useful for practitioners and students alike, especially those following courses in human rights or related fields"--$cProvided by publisher. 410 0$aRoutledge research in human rights law. 606 $aHuman rights monitoring$zEurope 606 $aHuman rights$zEurope 615 0$aHuman rights monitoring 615 0$aHuman rights 676 $a341.4/8094 676 $a342.4085 686 $aLAW000000$aLAW013000$aLAW016000$2bisacsh 701 $aDe Beco$b Gauthier$0512311 801 0$bMiAaPQ 801 1$bMiAaPQ 801 2$bMiAaPQ 906 $aBOOK 912 $a9910969142603321 996 $aHuman rights monitoring mechanisms of the Council of Europe$94490310 997 $aUNINA